DTM Fahrer 2013 - Statistiken

Allgemein
  • Dieses Quiz wurde 6 mal gespielt
  • Das Durchschnittsergebnis liegt bei 10 aus 22
Antwortstatistiken
Team Nummer Marke Nation Fahrer % Korrekt
EURONICS/Thomas Sabo AMG-Mercedes 3 Mercedes Großbritannien Gary Paffett
83%
BMW-Team-Schnitzer 1 BMW Kanada Bruno Spengler
67%
Audi Sport Team Rosberg 5 Audi Italien Edoardo Mortara
67%
Audi Sport Team Abt Sportsline 11 Audi Schweden Mattias Ekström
67%
stern/AMG-Mercedes 18 Mercedes Deutschland Pascal Wehrlein
67%
Audi Sport Team Abt 24 Audi Frankreich Adrien Tambay
50%
BMW-Team-RBM 7 BMW Brasilien Augusto Farfus
50%
Audi Sport Team Abt Sportsline 12 Audi Großbritannien Jamie Green
50%
BMW-Team-MTEK 21 BMW Deutschland Marco Wittmann
50%
BMW-Team-RMG 15 BMW Deutschland Martin Tomczyk
50%
Audi Sport Team Phoenix 19 Audi Deutschland Mike Rockenfeller
50%
Audi Sport Team Abt 23 Audi Deutschland Timo Scheider
50%
BMW-Team-RMG 16 BMW Großbritannien Andy Priaulx
33%
STIHL/AMG-Mercedes 9 Mercedes Deutschland Christian Vietoris
33%
stern/AMG-Mercedes 17 Mercedes Spanien Daniel Juncadella
33%
BMW-Team-RBM 8 BMW USA Joey Hand
33%
Audi Sport Team Phoenix 20 Audi Spanien Miguel Molina
33%
EURONICS/Thomas Sabo AMG-Mercedes 4 Mercedes Spanien Roberto Merhi
33%
STIHL/AMG-Mercedes 10 Mercedes Kanada Robert Wickens
33%
BMW-Team-MTEK 22 BMW Deutschland Timo Glock
33%
BMW-Team-Schnitzer 2 BMW Deutschland Dirk Werner
17%
Audi Sport Team Rosberg 6 Audi Portugal Filipe Albuquerque
17%
Keine übereinstimmenden Quizze gefunden
Verteilung der Resultate
Anzahl Personen mit jedem Resultat
Perzentil nach korrekt beantworteten Fragen
Ihre Resultats-Entwicklung
Sie haben dieses Quiz noch nicht gespielt